Analýza závislosti vývoje indikátorů alého a středního podnikání na burzovním indexu PX

Závislosť vývoja zvolených indikátorov malého a stredného podnikania na burzovom indexe PX.

Gespeichert in:
Bibliographische Detailangaben
1. Verfasser: Fialová, Vendula
Weitere Verfasser: Kolková, Andrea
Format: Buchkapitel
Sprache:Tschechisch
Schlagworte:
Tags: Tag hinzufügen
Keine Tags, Fügen Sie das erste Tag hinzu!

MARC

LEADER 00000naa a2200000 4500
001 0208005
005 20221019174926.7
041 0 |a cze 
044 |a SK 
245 1 0 |a Analýza závislosti vývoje indikátorů alého a středního podnikání na burzovním indexu PX  |c Vendula Fialová 
520 |a Závislosť vývoja zvolených indikátorov malého a stredného podnikania na burzovom indexe PX. 
610 2 0 |a podnik malý 
610 2 0 |a podnikanie malé 
610 2 0 |a podnikanie stredné 
610 2 0 |a podnik stredný 
610 2 0 |a indexy burzové 
610 2 0 |a analýza regresná 
610 2 0 |a korelácia 
610 2 0 |a modely statické 
100 1 |a Fialová, Vendula 
700 1 |a Kolková, Andrea